书目信息 |
| 题名: |
中华武德镜鉴
|
|
| 作者: | 刘芳 , 徐德清 主编 | |
| 分册: | ||
| 出版信息: | 北京 中国人民解放军出版社 1999.01 |
|
| 页数: | 424页 | |
| 开本: | 21cm | |
| 丛书名: | 中华武德宝典 | |
| 单 册: | ||
| 中图分类: | E0-059 | |
| 科图分类: | ||
| 主题词: | 军事科学--jun shi ke xue--伦理学--历史故事--中国 | |
| 电子资源: | ||
| ISBN: | 7-5065-3622-6 | |
| 000 | 00927nam 2200265 450 | |
| 001 | 012008079698 | |
| 005 | 20080424185857.84 | |
| 010 | @a7-5065-3622-6@dCNY29.00 | |
| 100 | @a20080424d1999 km y0chiy0120 ea | |
| 101 | 0 | @achi |
| 102 | @aCN@b110000 | |
| 105 | @ay z 000fy | |
| 106 | @ar | |
| 200 | 1 | @a中华武德镜鉴@Azhong hua wu de jing jian@f刘芳, 徐德清主编@Fliu fang,xu de qing zhu bian |
| 210 | @a北京@c中国人民解放军出版社@d1999.01 | |
| 215 | @a424页@d21cm | |
| 225 | 2 | @a中华武德宝典@Azhong hua wu de bao dian |
| 330 | @a本书以正史为底本,作者从浩瀚的史籍中选了二百六十余个有代表性的典型事例,如和军爱卒,智勇兼备,任贤使能,赏信罚必等内容。 | |
| 410 | 0 | @12001 @a中华武德宝典 |
| 606 | 0 | @a军事科学@Ajun shi ke xue@x伦理学@x历史故事@y中国 |
| 690 | @aE0-059@v4 | |
| 701 | 0 | @a刘芳@Aliu fang@4主编 |
| 701 | 0 | @a徐德清@Axu de qing@4主编 |
| 801 | 0 | @aCN@bQSSK@c20080424 |
| 905 | @b20703531-33@dE0-059@eL612@f3 | |
| 中华武德镜鉴/刘芳, 徐德清主编.-北京:中国人民解放军出版社,1999.01 |
| 424页;21cm.-(中华武德宝典) |
| ISBN 7-5065-3622-6:CNY29.00 |
| 本书以正史为底本,作者从浩瀚的史籍中选了二百六十余个有代表性的典型事例,如和军爱卒,智勇兼备,任贤使能,赏信罚必等内容。 |
| ● |
| 相关链接 |
|
|
|
正题名:中华武德镜鉴
索取号:E0-059/L612
 
预约/预借
| 序号 | 登录号 | 条形码 | 馆藏地/架位号 | 状态 | 备注 |
| 1 | 703531 | 207035313 | 社科库509/509社科库 113排1列2层/ [索取号:E0-059/L612] | 在馆 | |
| 2 | 703532 | 207035322 | 社科库509/509社科库 113排1列2层/ [索取号:E0-059/L612] | 在馆 | |
| 3 | 703533 | 207035331 | 社科库509/509社科库 113排1列2层/ [索取号:E0-059/L612] | 在馆 |